Most Liga MX winners - Statistics

General Stats
  • This quiz has been taken 63 times
  • The average score is 9 of 10
Answer Stats
Hint Answer % Correct
16 America
100%
12 Chivas
100%
9 Cruz Azul
98%
8 Tigres
98%
12 Toluca
94%
5 Monterrey
92%
7 Pumas
90%
8 Leon
87%
6 Santos
85%
7 Pachuca
83%
No matching quizzes found
Score Distribution
Percent of People with Each Score
Percentile by Number Answered
Your Score History
You have not taken this quiz